Introduction to International human resource management (Record no. 445674)

000 -LEADER
fixed length control field 00491cam a22001337a 4500
008 - FIXED-LENGTH DATA ELEMENTS--GENERAL INFORMATION
fixed length control field 180718b2013 xxu||||| |||| 00| 0 eng d
020 ## - INTERNATIONAL STANDARD BOOK NUMBER
International Standard Book Number 9780198769293
082 ## - DEWEY DECIMAL CLASSIFICATION NUMBER
Classification number T31 C859
100 ## - MAIN ENTRY--PERSONAL NAME
Personal name Crawley, Eileen , Swailes, Stephen and Walsh, David
245 ## - TITLE STATEMENT
Title Introduction to International human resource management
Statement of responsibility, etc. by Eileen Crawley, Stephen Swailes and David Walsh
260 ## - PUBLICATION, DISTRIBUTION, ETC.
Place of publication, distribution, etc. New Del;hi
Name of publisher, distributor, etc. OUP
Date of publication, distribution, etc. 2013
300 ## - PHYSICAL DESCRIPTION
Extent 359p.
650 ## - SUBJECT ADDED ENTRY--TOPICAL TERM
Topical term or geographic name entry element International business enterprises -- Personnel management
Holdings
Withdrawn status Lost status Damaged status Not for loan Permanent Location Current Location Date acquired Full call number Barcode Date last seen Price effective from Koha item type
        Indian Institute of Public Administration Indian Institute of Public Administration 2017-06-02 T31 C859 86985 2018-07-21 2018-07-21 Book

Powered by Koha